BanG Dream!系列全乐队成员测试 - Statistics

General Stats
  • This quiz has been taken 87 times
  • The average score is 29 of 52
Answer Stats
Answer % Correct
Gt.&Vo. 户山香澄
76%
Key. 丰川祥子/"Oblivionis"
76%
Gt. 千早爱音
75%
Key. 丰川祥子
75%
Ba. 长崎素世
71%
Ba. 长崎素世
71%
Vo. 高松灯
69%
Gt. 要乐奈
69%
Vo. 高松灯
69%
Dr. 椎名立希
67%
Dr. 椎名立希
67%
Gt. 若叶睦/"Mortis"
67%
Vo. 丸山彩
65%
Vo. 凑友希那
64%
Vo. 弦卷心
64%
Gt. 若叶睦
64%
Vo. 三角初华
64%
Gt.&Vo. 三角初华/"Doloris"
64%
Gt. 花园多惠
62%
Gt.&Vo. 美竹兰
60%
Dr. 宇田川巴
60%
Dj. 珠手知由/CHUCHU
60%
Dr. 牛込里美
58%
Dj. 奥泽美咲/米歇尔
58%
Ba. 山吹沙绫
56%
Key. 市谷有咲
56%
Gt. 冰川日菜
56%
Vo. 仓田真白
56%
Ba.&Vo. 和奏瑞依/LAYER
55%
Ba. 八幡海铃/"Timoris"
55%
Gt. 青叶摩卡
53%
Gt. 冰川纱夜
53%
Dr. 宇田川亚子
51%
Gt. 朝日六花/LOCK
51%
Key. 鳰原令王那/PAREO
49%
Ba. 上原绯玛丽
47%
Key. 若宫伊芙
47%
Dr. 佐藤益木/MASKING
47%
Ba. 今井莉莎
45%
Dr. 二叶筑紫
45%
Dr. 祐天寺喵梦/"Amoris"
45%
Dr. 大和麻弥
44%
Vn. 八潮瑠唯
44%
Key. 羽泽鸫
42%
Gt. 濑田薰
42%
Ba. 北泽育美
42%
Ba. 白鹭千圣
40%
Key. 白金燐子
40%
Gt. 桐谷透子
40%
Ba. 广町七深
36%
Dr. 松原花音
35%
Vo. 纯田真奈
33%
No matching quizzes found
Score Distribution
Percent of People with Each Score
Percentile by Number Answered
Your Score History
You have not taken this quiz